POWER SYSTEM PROTECTION & SWITCHGEAR (Record no. 341584)

MARC details
000 -LEADER
fixed length control field 00271nam a2200097Ia 4500
008 - FIXED-LENGTH DATA ELEMENTS--GENERAL INFORMATION
fixed length control field 230508s1997 xx 000 0 und d
041 ## - LANGUAGE CODE
Language code of text/sound track or separate title eng
100 ## - MAIN ENTRY--PERSONAL NAME
Personal name BADRI RAM & D.N. VISHWAKARMA
245 ## - TITLE STATEMENT
Title POWER SYSTEM PROTECTION & SWITCHGEAR
260 ## - PUBLICATION, DISTRIBUTION, ETC.
Name of publisher, distributor, etc. TATA MC GRAW HILL BO
Date of publication, distribution, etc. 1997
Holdings
Withdrawn status Lost status Damaged status Not for loan Home library Current library Date acquired Cost, normal purchase price Total Checkouts Barcode Date last seen Price effective from Koha item type
        Jawaharlal Nehru Institute of Technology(Poly), Pune Jawaharlal Nehru Institute of Technology(Poly), Pune 09/05/2023 135.00   ITP-13361 09/05/2023 09/05/2023 Book